История России #39: Застой - Statistics

General Stats
  • This quiz has been taken 22 times
    19 since last reset
  • The average score is 27 of 60
Answer Stats
Вопрос Ответ % Correct
Советский физик-теоретик, общественный деятель,
диссидент
А.Д. Сахаров
100%
Министр иностранных дел в 1957-1985 А.А. Громыко
80%
В каком городе проводились XXII летние Олимпийские игры? Москва
80%
Куда сослали А.Д. Сахарова? Горький
80%
Как Никсон назвал СССР в 1983 году? Империя зла
80%
Введение войск ОВД в Чехословакию 1968
80%
Министр обороны 1976-1984 Д.Ф. Устинов
70%
Председатель КГБ 1967-1982 Ю.В. Андропов
70%
Человек, политические взгляды которого радикально расходились с господствовавшей в СССР коммунистической идеологией. Диссидент
70%
Пограничный конфликт на острове Даманском 1969
70%
Война в Афганистане 1979-1989
70%
Расшифровка ДНЯО Договор о нераспространении ядерного оружия
70%
Произведения Солженицына Раковый корпус, Архипелаг ГУЛАГ,
Один день Ивана Денисовича
70%
Председатель Совмина СССР 1964-1980 А.Н. Косыгин
60%
Система политического управления, в которой власть занимают старейшие Геронтократия
60%
Председатель Президиума 1977-1982 Л.И. Брежнев
60%
Прозвище Громыко мистер Нет
60%
По итогам совещания в каком городе был введен акт о нерушимости границ в Европе? Хельсинки
60%
Длительный социалистический этап предшествующий построению коммунизма Развитой социализм
60%
Период ослабления холодный войны, связанный с достижением политического паритета между СССР и США по их ядерному потенциалу Разрядка
60%
Противостояние между СССР и США, которое заключалось в ускоренном производстве и накоплении различных видов вооружений и военной техники. Гонка вооружений
60%
Восстановление парада на 9 мая в СССР 1965
60%
Договор ОСВ-1 1972
60%
Принятие конституции 1977
60%
XXII летние Олимпийские игры 1980
60%
На каком съезде ЦК КПСС ввели программу мира (цифра) 24
60%
В какой статье конституции Брежнева была закреплена руководящая и направляющая роль КПСС в обществе (цифра) 6
60%
Период в Чехословакии, когда к власти пришли противники социалистического строя. Пражская весна
50%
Не­офи­ци­аль­ное рас­про­стра­не­ние в ви­де ма­ши­нопи­си, или ру­ко­пи­си про­из­ве­де­ний в СССР, идео­ло­ги­че­ски или эс­те­ти­че­ски чу­ж­дых линии партии. Самиздат
50%
Ликвидация совнархозов 1965
50%
Восьмая (золотая) пятилетка 1966-1970
50%
Московский договор о признании границ СССР и ФРГ 1970
50%
Хельсинский акт 1975
50%
Катастрофа Boeing 747 над Сахалином 1983
50%
На каком съезде из устава КПСС убрали указания о регулярной сменяемости партийных органов, что привело к геронократии (цифра) 23
50%
Проведение экономической реформы Косыгина 1965-1969
40%
Введение должности генсека 1966
40%
Второе название брежневской конституции Конституция развитого социализма
40%
Высылка Солженицына из СССР 1964
30%
XXIII съезд КПСС 1966
30%
Щёкинский эксперимент 1967
30%
Объявление БАМа всесоюзной ударной комсомольской стройкой 1974
30%
Председатель Президиума 1965-1977 Н.В. Подгорный
20%
Водка, которую ввел Андропов Андроповка
20%
Процесс Синявского и Даниэля 1965
20%
Получение Солженицыным Нобелевской премии 1970
20%
Введение программы мира 1971
20%
Успешный экономический эксперимент, на химкомбинате в Тульской области. Суть эксперимента заключалась в уменьшении численности работников (например, за счёт освоения ими нескольких профессий и материального стимулирования) при росте объёма выпускаемой продукции. Щёкинский эксперимент
20%
Поездки, регионалов в столицы (или более крупные города региона) для закупки колбасы и других дефицитных продуктов Колбасные электрички
10%
Политика ограничения суверенитета стран социалистического блока Брежневская доктрина
10%
Дата занятия Брежневым должности генсека 1964-1982
10%
Пленум ЦК КПСС по вопросам сельского хозяйства 1965
10%
Выход Албании из ОВД 1969
10%
Дата занятия Андроповымдолжности генсека 1982-1984
10%
Экономическое явление, в котором у граждан есть деньги, но не товаров, которые можно купить. Скрытая инфляция
0%
Дата занятия Черненкодолжности генсека 1984-1985
0%
Первый политический открытый процесс после Сталина Процесс Синявского и Даниэля
0%
Объединение усилий колхозов в сферах материально-технического снабжения, производства, переработки и реализации продукции. Межхозяйственное кооперирование
0%
Группа целью которой стало распространение информации о нарушении прав граждан СССР Московская Хельсинкская группа
0%
Под каким предлогом войска СССР вступили в Афганистан Оказание интернациональной помощи
0%
No matching quizzes found
Score Distribution
Percent of People with Each Score
Percentile by Number Answered
Your Score History
You have not taken this quiz since the last reset